<?xml version="1.0" encoding="UTF-8"?>
<collection xmlns="http://www.loc.gov/MARC21/slim">
  <record>
    <leader>00000nam  2200000   4500</leader>
    <controlfield tag="001">INLIS000000000001698</controlfield>
    <controlfield tag="005">20180724142853</controlfield>
    <controlfield tag="008">180724|||||||||   |   |||   |||| ||   | </controlfield>
    <datafield tag="035" ind1=" " ind2=" ">
      <subfield code="0">010-0718001698</subfield>
    </datafield>
    <datafield tag="041" ind1=" " ind2=" ">
      <subfield code="a">id</subfield>
    </datafield>
    <datafield tag="082" ind1=" " ind2=" ">
      <subfield code="a">R.039.PIM I 2016</subfield>
    </datafield>
    <datafield tag="090" ind1=" " ind2=" ">
      <subfield code="a">R.039.PIM I 2016</subfield>
    </datafield>
    <datafield tag="100" ind1=" " ind2=" ">
      <subfield code="a">Indriani, Reri</subfield>
    </datafield>
    <datafield tag="245" ind1=" " ind2=" ">
      <subfield code="a">Pelayanan Terpadu Satu Pintu Ekspor Obat dan Makanan (Obat, Obat Tradisional, Kosmetika, Suplemen Kesehatan dan Makanan)</subfield>
    </datafield>
    <datafield tag="260" ind1=" " ind2=" ">
      <subfield code="a">Jakarta</subfield>
      <subfield code="b">LAN Jakata</subfield>
      <subfield code="c">2016</subfield>
    </datafield>
    <datafield tag="300" ind1=" " ind2=" ">
      <subfield code="a">xi, 126 hlm., Ilus, 30 cm</subfield>
    </datafield>
    <datafield tag="500" ind1=" " ind2=" ">
      <subfield code="a">Era globalisasi, merupakan salah satu perubahan lingkungan strategis pengawasan obat dan makanan yang perlu diantisipasi secara khusus.  Globalisasi, selain meningkatkan masuknya produk OM impor, juga meningkatkan peluang ekspor OM yang diproduksi oleh lokal manufacturing di Indonesia memasuki pasaran domestik negara-negara yang tergabung dalam perjanjian globalisasi tersebut.  Dalam rangka merespon serta menangkap peluang perubahan lingkungan strategis tersebut, mulai RPJMN 2015-2019 telah dilakukan perubahan visi Badan POM dari “Menjadi Institusi Pengawas Obat dan Makanan yang Inovatif, Kredibel, dan diakui Secara Internasional Untuk Melindungi Masyarakat” menjadi “Obat dan Makanan Aman Meningkatkan Kesehatan Masyarakat dan Daya Saing Bangsa”.</subfield>
    </datafield>
    <datafield tag="650" ind1=" " ind2=" ">
      <subfield code="a">Kesehatan</subfield>
    </datafield>
  </record>
</collection>
